Coating of TiO2 nanoparticles on the plasma activated polypropylene fibers

Bibliographic Details
Main Authors: Szabová, Renáta (Author), Černáková, Ľudmila, 1954- (Author), Wolfová, Magdaléna (Author), Černák, Mirko (Author)
Format: Article
Language:Slovak
English
PhysicalDescription:Grafy, fotogr.
ISSN:1337-978X
Subjects:

MARC

LEADER 00000nab a2200000 a 4500
001 vtls010071278
003 SK-MaSNL
005 20260304183403.0
008 250708c2009 xo |||||||||||000 b|slo
015 |a SNBRB2010/03  |2 snkbucl 
035 |a (uuid)cd12f587-a308-4480-9bc6-69c20129040f 
035 |a urn:nbn:sk:snk-ab2ekv 
035 |a (urnnbn)urn:nbn:sk:snk:ar-a029jp 
038 |a SNKBUCL 
040 |a SNKBUCL  |b slo  |c SNKBUCL  |e AACR2 
041 0 |a eng  |b eng 
044 |a xo  |c SK 
080 |a 678.742.3-037.47:533.9  |2 2001 
080 |a 533.9  |2 2001 
080 |a 66.088  |2 2001 
080 |a 546.824-31-022.53  |2 2001 
080 |a 539.12-022.53  |2 2001 
245 0 0 |a Coating of TiO2 nanoparticles on the plasma activated polypropylene fibers  |c Renáta Szabová ... [et al.] 
300 |b Grafy, fotogr. 
504 |a Bibliogr. odkazy 
546 |a Res. angl. 
650 0 7 |a polypropylénové vlákna  |2 snkbucl  |9 69652 
650 0 7 |a oxid titaničitý  |2 snkbucl  |9 50667 
650 0 7 |a nanočastice  |2 snkbucl  |9 247407 
650 0 7 |a povlaky  |2 snkbucl  |9 324588 
650 0 7 |a povrchové úpravy materiálov plazmou  |2 snkbucl  |9 1515210 
650 0 7 |a plazmové technológie  |2 snkbucl  |9 82740 
700 1 |a Szabová, Renáta  |4 aut  |9 426102 
700 1 |a Černáková, Ľudmila,  |d 1954-  |4 aut  |9 242645 
700 1 |a Wolfová, Magdaléna  |4 aut  |9 1515211 
700 1 |a Černák, Mirko  |4 aut  |9 542536 
773 0 |t Acta Chimica Slovaca  |g Vol. 2, no. 1 (2009), p. 70-76  |x 1337-978X 
850 |a Slovenská národná knižnica 
852 |a Slovenská národná knižnica 
958 |a article27 
958 |a OND 
958 |a NB 
999 |c 3034563  |d 3036493